| 000 | 00411nam a2200133 a 4500 | ||
|---|---|---|---|
| 001 | 000038340 | ||
| 005 | 20201002031231.0 | ||
| 008 | 130409s1999 dr 000 0 spa d | ||
| 040 |
_aDO-SdBNP _bspa _cBNPHU |
||
| 100 | 1 |
_aVillegas Quintero, Efrain _93211 |
|
| 245 | 1 | 0 |
_aTerapias para la conciencia / _cEfrain Villegas Contrera. |
| 260 |
_aSanto Domingo : _bEditoria Centenario, _c1999. |
||
| 300 |
_a174 p. ; _c24 cm. |
||
| 999 |
_c37830 _d37830 |
||